000
00254nam a22001217a 4500
082
_a
891.4392
100
_a
Naseem Hajazi
245
_a
Qafla Hijaz
260
_a
Lahore
_b
Jahangir
_c
2003.
300
_a
616p. ;
_b
23cm
500
_a
Hardcover.
942
_c
BK
999
_c
33095
_d
33095